000
00280nam a22001217a 4500
082
_a
82.4
_b
JAM/E
100
_a
JAMES, RAHUL
245
_a
ENGLISH HINDI MALAYALAM ESSAYS
260
_a
KOZHIKODE
_b
DRONACHARYA PUBLICATIONS
300
_a
356
650
_a
ESSAYS
_z
KERALA
942
_c
BK
999
_c
2229
_d
2229